Dynamics, Part 1 / (Record no. 7254)
[ view plain ]
| 000 -LEADER | |
|---|---|
| fixed length control field | 00676cam a2200289ua 4500 |
| 041 ## - LANGUAGE CODE | |
| Language code of text/sound track or separate title | eng |
| 082 ## - DEWEY DECIMAL CLASSIFICATION NUMBER | |
| Classification number | 531.3 |
| Item number | RAM/DY |
| 100 ## - MAIN ENTRY--AUTHOR NAME | |
| Personal name | Ramsey, A S . |
| 245 ## - TITLE STATEMENT | |
| Title | Dynamics, Part 1 / |
| 260 ## - PUBLICATION, DISTRIBUTION, ETC. (IMPRINT) | |
| Place of publication | Cambridge : |
| Name of publisher | Cambridge University Press , |
| Year of publication | 1962. |
| 300 ## - PHYSICAL DESCRIPTION | |
| Number of Pages | ; . |
| 942 ## - ADDED ENTRY ELEMENTS (KOHA) | |
| Koha item type | Books |
| Withdrawn status | Lost status | Damaged status | Home library | Current library | Date acquired | Full call number | Accession Number | Koha item type | Public note |
|---|---|---|---|---|---|---|---|---|---|
| KAUAET | KAUAET | 07/04/2012 | 531.3 | 9189 | Books | ||||
| Withdrawn | KAUAET | KAUAET | 07/04/2012 | 531.3 | 9195 | Books | Deleted | ||
| KAUAET | KAUAET | 07/04/2012 | 531.3 | 9192 | Books | ||||
| KAUAET | KAUAET | 07/04/2012 | 531.3 | 9193 | Books | ||||
| Withdrawn | KAUAET | KAUAET | 07/04/2012 | 531.3 | 9194 | Books | Deleted | ||
| Withdrawn | KAUAET | Sanskrit University | 07/04/2012 | 531.3 | 9191 | Books | |||
| Withdrawn | KAUAET | Sanskrit University | 07/04/2012 | 531.3 | 761 | Books | |||
| Withdrawn | KAUAET | Sanskrit University | 07/04/2012 | 531.3 | 9190 | Books | |||
| Withdrawn | KAUAET | Sanskrit University | 07/04/2012 | 531.3 | 9188 | Books | |||
| Withdrawn | KAUAET | Sanskrit University | 07/04/2012 | 531.3 | 9197 | Books | |||
| Withdrawn | KAUAET | Sanskrit University | 07/04/2012 | 531.3 | 9196 | Books |
